Národohospodářská teorie

Salvato in:
Dettagli Bibliografici
Autore principale: Gruber, Josef
Natura: Libro
Lingua:ceco
Pubblicazione: Praha Všehrd 1922
Tags: Aggiungi Tag
Nessun Tag, puoi essere il primo ad aggiungerne!!

MARC

LEADER 00000nam a2200000 4500
001 c126653
005 20041019155238.6
041 0 |a cze 
044 |a CZ 
245 1 0 |a Národohospodářská teorie  |c Josef Gruber 
264 1 |a Praha  |b Všehrd  |c 1922 
300 |a 252 s. 
100 1 |a Gruber, Josef